LEADER 01166nam a2200265 i 4500 001 000000041975 003 CaOOAMICUS 005 20090505000000.0 008 090505s1980 it u000 u ita u 013 $a13145 040 $aSeMil$bita 245 13$aIl Mistero della Trasfigurazione :$briflessione di Paolo 6. /$cnota introduttiva di Giorgio Basadonna. 260 $aCittą del Vaticano :$bLibreria Editrice Vaticana,$ccopyr. 1980. 300 $a[44] p. :$bill. ;$c22 cm. 650 4$aTrasfigurazione.$0(OLS)http://semarc/subject/8934 700 1 $aBasadonna, Giorgio,$d<1922-2008>.$0(OLS)http://semarc/name/15224 700 0 $aPaulus VI,$c.$0(OLS)http://semarc/name/803 850 $aSeMil 852 $aSeMil$W1$xVenegono$y1$m2A I 232$j8130$B8130$CSeMilBibl$Z2$F8130 $81 900 1 $aMontini, Giovanni Battista,$d<1897-1978>. 900 0 $aPaolo VI$c. 996 $6245$aIl Mistero della Trasfigurazione :$briflessione di Paolo 6.$9(OLS)http://semarc/title/61048 996 $6260$aCittą del Vaticano :$bLibreria Editrice Vaticana$9(OLS)http://semarc/publisher/29734 LEADER 01223nam a2200253 4500 001 000000366560 003 CaOOAMICUS 005 20260220140139.0 008 260220s2021 vc 000 u ita r 020 $a978-88-266-0538-8 040 $aSeMil$bita 100 1 $aCattani, Luigi.$0(OLS)http://semarc/name/478 245 13$aLa Aqedah :$bil sacrificio di Isacco : commenti ebraici attraverso i secoli /$cLuigi Cattani. 264 1$aCittą del Vaticano :$bLibreria Editrice Vaticana,$c2021. 300 $a296 p. ;$c21 cm 490 1 $aIl melograno 650 4$aBibbia - AT - Sacrificio di Isacco - Commentari, studi, critica, interpretazioni.$0(OLS)http://semarc/subject/50459 650 4$aBibbia. Antico Testamento. Genesi, 22 - Commenti ebraici.$0(OLS)http://semarc/subject/59604 850 $aSeMil 852 $aSeMil$W1$xVenegono$y1$m2W III 182$j267442$B257318$CSeMilBibl$Z2$F257318 $81 996 $6020$a978-88-266-0538-8$9(OLS)http://semarc/number/305375 996 $6245$aLa Aqedah :$bil sacrificio di Isacco : commenti ebraici attraverso i secoli$9(OLS)http://semarc/title/458309 996 $6264$aCittą del Vaticano :$bLibreria Editrice Vaticana$9(OLS)http://semarc/publisher/29734